000 00590nam a22001937a 4500
005 20251108175520.0
008 250721s2016 xx 000 0 ara d
082 1 4 _a782.4/خشم
100 1 _aالخشمان، مصطفى
245 1 0 _aالأغاني الأردنية في الجنوب /
264 1 _aعمان :
_bوزارة الثقافة،
_c2016.
300 _a212 ص.
650 1 7 _aالأغاني الشعبية
650 1 7 _aالأغاني الوطنية
650 1 7 _aالموسيقى الفلكلورية
650 1 7 _aالأردن
942 _2ddc
_cBK
999 _c135932
_d135932